000 01594nam0a22002891 4500
001 rc\4109771
005 20260407153943.0
021 _aRU
_b[55-59300]
035 _a(NLR Aleph) 008144792
090 _a9507621
_c9507621
100 _a20130415d1955 |||y0rusy50 ca
101 0 _arus
102 _aRU
105 _aa z |||||
200 1 _aНеметаллические коррозионностойкие материалы и покрытия
_eНауч.-техн. совещание по борьбе с коррозией в хим. пром-сти 16-21 ноября 1953 г.
_e[Доклады
_fОтв. ред. канд. техн. наук А.Л. Лабутин, инж. К.В. Поляков]
_gВсесоюз. науч. инж.-техн. о-во резиновой и каучуковой пром-сти ВНИТО резинщиков
210 _aЛенинград
_cГосхимиздат
_d1955
215 _a145 с.
_cил.
_d22
320 _aБиблиогр. в конце докладов
606 _aХимически-стойкие материалы, неметаллические
_jСборники
_2psbo
702 1 _aЛабутин
_bА.Л.
_gАлександр Лукич
_4340
702 1 _aПоляков
_bК.В.
_4340
712 1 2 _aНаучно-техническое совещание по борьбе с коррозией в химической промышленности
_f1953
_eЛенинград
_3RU\NLR\AUTH\8810094817
_9690792
801 0 _aRU
_bNLR
_gpsbo
801 1 _aRU
_bELAR
_2rusmarc
852 _aNLR
_jТ44 Г-5/629
942 _cBOOK
980 _aNB